000
00327nam a2200133Ia 4500
008
231221s9999 xx 000 0 und d
020
_a
978-0-387-77741-2
041
_a
English
100
_a
John Aycock
245
0
_a
Spyware and Adware
260
_c
2011
_b
Springer US
_a
New York
650
_a
Computer Science
942
_c
EB
999
_c
218304
_d
218304